Diary of a wimpy kid : (Record no. 114604)
[ view plain ]
| 000 -LEADER | |
|---|---|
| fixed length control field | 00668nam a2200181 a 4500 |
| 005 - DATE AND TIME OF LATEST TRANSACTION | |
| control field | 20140414132106.0 |
| 008 - FIXED-LENGTH DATA ELEMENTS--GENERAL INFORMATION | |
| fixed length control field | 100902s19uu xx 00 eng d |
| 020 ## - INTERNATIONAL STANDARD BOOK NUMBER | |
| International Standard Book Number | 9780810991699 |
| 050 ## - LIBRARY OF CONGRESS CALL NUMBER | |
| Classification number | FIC |
| Item number | K62 2009 |
| 100 ## - MAIN ENTRY--PERSONAL NAME | |
| Personal name | Kinney, Jeff |
| 245 ## - TITLE STATEMENT | |
| Title | Diary of a wimpy kid : |
| Remainder of title | dog days / |
| Statement of responsibility, etc | by Jeff Kinney. |
| 260 ## - PUBLICATION, DISTRIBUTION, ETC. (IMPRINT) | |
| Place of publication, distribution, etc | New York : |
| Name of publisher, distributor, etc | Abrams, |
| Date of publication, distribution, etc | 2009. |
| 520 ## - SUMMARY, ETC. | |
| Summary, etc | In the latest diary of a middle-schooler Greg Heffley, he records his attempts to spend his summer vacation sensibly indoors playing video games and watching television, despite his mother's other ideas. |
| 650 ## - SUBJECT ADDED ENTRY--TOPICAL TERM | |
| Topical term or geographic name as entry element | Summer |
| General subdivision | Fiction |
| 650 ## - SUBJECT ADDED ENTRY--TOPICAL TERM | |
| Topical term or geographic name as entry element | Diaries |
| General subdivision | Fiction |
| Withdrawn status | Lost status | Damaged status | Use restrictions | Home library | Current library | Shelving location | Date acquired | Source of acquisition | Cost, normal purchase price | Total Checkouts | Full call number | Barcode | Date last seen | Price effective from | Koha item type | Source of classification or shelving scheme | Sub Shelving location |
|---|---|---|---|---|---|---|---|---|---|---|---|---|---|---|---|---|---|
| Munich Library | Munich Library | Fiction Section | 09/02/2010 | 295.00 | FIC K62 2009 | M6474 | 04/14/2014 | 04/14/2014 | Books | ||||||||
| Munich Library | Munich Library | Fiction Section | 09/18/2010 | FIC K62 2009 | M6522 | 04/14/2014 | 04/14/2014 | Books | |||||||||
| Munich Library | Munich Library | Fiction Section | 04/14/2025 | Library Fund | FIC K558 2009 | M8946 | 04/14/2025 | 04/14/2025 | Books | Dewey Decimal Classification |